000 00907aab a2200193 i 4500
001 768714001
003 CO-MdFUSB
005 20240422103429.0
008 240410t1984 ag ||||| |||| 00| 0 spa d
040 _bspa
_cCO-MdFUSB
041 _aspa
100 1 _aZukowski de Ramírez, Elvira Ester
_eautor
245 3 _aEl discipulado como un ministerio de cada creyente
_c/ Elvira Ester Zukowski de Ramírez
300 _aVolumen 3, número 3 (septiembre, 1984), páginas: 112 - 113
_c; 27 cm
520 _aReflexiones basadas en A Theology of Personal Ministry de Richards y Martín (Zondervan, Grand Rapids, 1981). En esta ocasión se establecen algunas pautas para tener en cuenta en el ministerio del discipulado.
650 7 _aEducación cristiana de adultos
_97017
773 0 _tIglesia y Misión
_049402
_959687
_gVolumen 3, número 3 (septiembre, 1984), páginas: 112 - 113
_qpágina: 112
942 _cANA
999 _c51492
_d51492